LEADER 01043nam a2200301 i 4500 001 991003735989707536 005 20020509131300.0 008 940714s1990 it ||| | ita 020 $a8833903567 035 $ab11206901-39ule_inst 035 $aPARLA187606$9ExL 040 $aDip.to Filol. Class. e Med.$bita 082 0 $a292.422 100 1 $aKerényi, Karl$0425773 245 10$aMiti e misteri /$cKarl Kerenyi 260 $aTorino :$bBoringhieri,$c1990 300 $a486 p. :$b[4] p. di tav. ;$c19 cm. 490 0 $aUniversale scientifica Boringhieri ;$v183/184 500 $aTrad. di Angelo Brelich. 650 4$aReligione greca - Misticismo 650 4$aReligione greca - Mitologia 700 1 $aBrelich, Angelo 907 $a.b11206901$b23-02-17$c01-07-02 912 $a991003735989707536 945 $aLE007 292 KER 01.03$g1$i2007000003534$lle007$o-$pE0.00$q-$rl$s- $t0$u10$v1$w10$x0$y.i11358488$z01-07-02 996 $aMiti e misteri$9475334 997 $aUNISALENTO 998 $ale007$b01-01-94$cm$da $e-$fita$git $h0$i1 LEADER 01030nam a2200253 i 4500 001 991001299709707536 008 051107s2004 it a 000 0 ita d 020 $a8846462572 035 $ab13351400-39ule_inst 040 $aDip.to Scienze pedagogiche$bita 082 0 $a362.76 100 1 $aMontecchi, Francesco$0224212 245 10$aDal bambino minaccioso al bambino minacciato :$bgli abusi sui bambini e la violenza in famiglia: prevenzione, rilevamento e trattamento /$cFrancesco Montecchi 260 $aMilano :$bF. Angeli,$c2004 300 $a223 p. :$bill. ;$c23 cm 440 0$aPsicoterapie ;$v73 504 $aInclude riferimenti bibl. 650 4$amaltrattamenti$xInfanzia 907 $a.b13351400$b13-04-18$c07-11-05 912 $a991001299709707536 945 $aLE022 362 MON01.03$g1$i2022000118651$lle022$op$pE24.00$q-$rl$s- $t0$u22$v12$w22$x0$y.i14149321$z10-11-05 996 $aDal bambino minaccioso al bambino minacciato$91093426 997 $aUNISALENTO 998 $ale022$b07-11-05$cm$da $e-$fita$git $h0$i0